|
|
|
|
| LEADER |
01080nam a2200301 a 4500 |
| 001 |
908 |
| 003 |
BD-DhAAL |
| 008 |
150915r20031997njua b 001 0 eng d |
| 010 |
|
|
|a 96017344
|
| 020 |
|
|
|a 812030893X
|
| 020 |
|
|
|a 812031235X
|
| 020 |
|
|
|a 0134762924
|
| 040 |
|
|
|a DLC
|c DLC
|d DLC
|d BD-DhAAL
|
| 082 |
0 |
0 |
|a 519.5
|2 20
|
| 100 |
1 |
|
|a Levin, Richard I.
|9 2461
|
| 245 |
1 |
0 |
|a Statistics for management /
|c Richard I. Levin, David S. Rubin.
|
| 250 |
|
|
|a 6th ed.
|
| 260 |
|
|
|a Upper Saddle River, N.J. ;
|a New Delhi :
|b Prentice Hall,
|c c1994.
|
| 300 |
|
|
|a 1 v. (various pagings) :
|b ill. (some col.) ;
|c 26 cm.
|
| 504 |
|
|
|a Includes bibliographical references and index.
|
| 541 |
1 |
|
|e 908
|
| 650 |
|
0 |
|a Social sciences
|x Statistical methods.
|9 14663
|
| 650 |
|
0 |
|a Commercial statistics.
|9 14664
|
| 650 |
|
0 |
|a Management
|x Statistical methods.
|9 14665
|
| 700 |
1 |
|
|a Rubin, David S.
|9 14666
|
| 942 |
|
|
|2 ddc
|c BK
|
| 999 |
|
|
|c 35539
|d 35539
|
| 952 |
|
|
|0 0
|1 0
|2 ddc
|4 0
|6 519_500000000000000_LEV
|7 0
|9 55896
|a SCL
|b SCL
|c GEN
|d 2015-09-15
|g 275.00
|l 0
|o 519.5 LEV
|p 3020000908
|r 2015-09-15
|t 1
|w 2015-09-15
|y BK
|